000 00967nam a22003137a 4500
003 CHAP
005 20220329133955.0
008 971013s1938 r 00010 d
010 _a13471
011 _a14443
035 _a18517
040 _cCHAP
082 _a330.1
_bG65Y 1938
100 0 0 _aGonnard, René.
_948631
245 _aHistoria de las doctrinas económicas
260 _aMadrid :
_bAguilar,
_c1938
300 _a624 p
500 _aEjs. desc. en bodega
590 _aBATCH-UPD
_b10
_c20130110
_lUCH01
_h1827
590 _aBATCH-UPD
_b10
_c20130410
_lUCH01
_h1159
590 _aBATCH-UPD
_b10
_c20130914
_lUCH01
_h1230
590 _aCONVERSION
_b10
_c20130109
_lUCH01
_h1309
650 1 4 _aEconomía
_xHistoria.
_935238
901 _aBK
942 _cLIBRO
949 _a330.1 G65Y 1938
_bBC
_cBPP
_d-43212
_eBPP
_i18517
_si
949 _a330.1 G65Y 1938
_bBC
_cBPP
_d-43214
_eBPP
_fc.2
_i18517
_si
949 _a330.1 G65Y 1938
_bBC
_cBPP
_d-43215
_eBPP
_fc.3
_i18517
_si
999 _c13471
_d13471